International politics on the world stage
The author covers topics using horizontal and vertical methods. He explains the nature of power relationships, non governmental organizations, intergovernmental organizations, and other political structural forms horizontally while explaining political happenings and characters vertically.
Αποθηκεύτηκε σε:
| Κύριος συγγραφέας: | |
|---|---|
| Μορφή: | Βιβλίο |
| Γλώσσα: | Undetermined |
| Έκδοση: |
New York
The MacGraw-Hill Companies
2007
|
| Θέματα: | |
| Ετικέτες: |
Προσθήκη ετικέτας
Δεν υπάρχουν, Καταχωρήστε ετικέτα πρώτοι!
|
| Thư viện lưu trữ: | Trung tâm Học liệu Trường Đại học Cần Thơ |
|---|
| LEADER | 00982nam a2200217Ia 4500 | ||
|---|---|---|---|
| 001 | CTU_172796 | ||
| 008 | 210402s9999 xx 000 0 und d | ||
| 020 | |c 87.19 | ||
| 082 | |a 327.101 | ||
| 082 | |b R852 | ||
| 100 | |a Rourkle, John T. | ||
| 245 | 0 | |a International politics on the world stage | |
| 245 | 0 | |c John T. Rourkle | |
| 260 | |a New York | ||
| 260 | |b The MacGraw-Hill Companies | ||
| 260 | |c 2007 | ||
| 520 | |a The author covers topics using horizontal and vertical methods. He explains the nature of power relationships, non governmental organizations, intergovernmental organizations, and other political structural forms horizontally while explaining political happenings and characters vertically. | ||
| 650 | |a International relationship,World politics,Trung tâm Học liệu ĐHCT,Chính trị trên thế giới | ||
| 650 | |x Quan hệ quốc tế | ||
| 904 | |i ngoc huyền, N.anh | ||
| 980 | |a Trung tâm Học liệu Trường Đại học Cần Thơ | ||